000 01819nam a2200289 c 4500
999 _c342232
_d342232
003 BLK
005 20200424110242.0
008 180911b bul|||||r ||||||| ||bul||
010 _a001871
040 _aBLK
041 _aBUL
_cBUL
080 _z908(497.2)
100 1 _eпърви автор
_9397901
245 1 0 _aПанагюрище и Панагюрския край в миналото
_nЧ. 2
260 _aСофия
_bНаука и изкуство
_c1961
300 _c22 см
380 _a0
490 _aЧастна колекция - Академик Михаил Арнаудов
_gДарение - Основен фонд
500 _aАвтограф с текст На академик М. Арнаудов. За добър спомен - 27. II - 1964 г. София От Комитета за проучване миналото на Панагюрище и Панагюрско - Председател : (подпис)(инв.Х 588511)На академик М. Арнаудов - за добър спомен - 27 февруари 1964 г. От Комитета за проучване миналото на Панагюрище и П-ско. Председател :(подпис) (инв.Х 590814); ; Подчертавания в текста : с. 86 - 88, 100 (инв.Х 588511);
655 _aбългарско краезнание
_9396216
760 _h251 с.
_m: с ил
852 _aМА 1150
_bМА
942 _cKNG
_n0
_s1
944 _aCR
_c1996
_kValK
999 _d342232
999 _d342232
999 _d342232